Valitse oikea satunnainen valtio! - Statistics

Yleistilastot
  • Tätä visaa on pelattu 64 kertaa
    41 viimeisimmän päivityksen jälkeen
  • Keskiarvotulos 8 / 10
Vastaukset kartalla
Vastauksille on annettu kartalla punavihreä väri sen mukaan, kuinka moni on saanut sen oikein.
 
Vastaustilastot
Vastaus % Oikein
Afganistan
100%
Alankomaat
100%
Albania
100%
Algeria
100%
Angola
100%
Argentiina
100%
Armenia
100%
Australia
100%
Azerbaidžan
100%
Bahama
100%
Belgia
100%
Belize
100%
Benin
100%
Bolivia
100%
Bosnia ja Hertsegovina
100%
Botswana
100%
Brasilia
100%
Brasilia
100%
Brunei
100%
Bulgaria
100%
Burkina Faso
100%
Burundi
100%
Chile
100%
Ecuador
100%
Etiopia
100%
Filippiinit
100%
Ghana
100%
Grenada
100%
Guinea-Bissau
100%
Guyana
100%
Honduras
100%
Indonesia
100%
Irak
100%
Iran
100%
Islanti
100%
Israel
100%
Italia
100%
Japani
100%
Jemen
100%
Jordania
100%
Kambodža
100%
Kanada
100%
Kap Verde
100%
Kazakstan
100%
Keski-Afrikan tasavalta
100%
Kiina
100%
Kirgisia
100%
Kiribati
100%
Kolumbia
100%
Komorit
100%
Kongon demokraattinen tasavalta
100%
Kreikka
100%
Kroatia
100%
Kuuba
100%
Kypros
100%
Laos
100%
Latvia
100%
Lesotho
100%
Libanon
100%
Liettua
100%
Madagaskar
100%
Malawi
100%
Malediivit
100%
Malesia
100%
Marokko
100%
Mikronesia
100%
Moldova
100%
Monaco
100%
Montenegro
100%
Mosambik
100%
Myanmar
100%
Namibia
100%
Nauru
100%
Nepal
100%
Nicaragua
100%
Niger
100%
Nigeria
100%
Norja
100%
Pakistan
100%
Palau
100%
Panama
100%
Paraguay
100%
Peru
100%
Ranska
100%
Romania
100%
Ruanda
100%
Saksa
100%
Slovakia
100%
Somalia
100%
Tanska
100%
Tanska
100%
Ukraina
100%
Uusi-Seelanti
100%
Vanuatu
100%
Venäjä
100%
Viro
100%
Malta
80%
Espanja
75%
Haiti
75%
Kenia
75%
Suomi
75%
Bangladesh
67%
El Salvador
67%
Gambia
67%
Liechtenstein
67%
Papua-Uusi-Guinea
67%
Andorra
50%
Egypti
50%
Guinea
50%
Libya
50%
Mali
50%
Oman
50%
Qatar
50%
Saint Lucia
50%
Samoa
50%
Slovenia
50%
Tšad
50%
Dominica
33%
Georgia
33%
Jamaika
33%
Luxemburg
33%
Päiväntasaajan Guinea
33%
Saint Kitts ja Nevis
33%
Antigua ja Barbuda
0%
Bahrein
0%
Barbados
0%
Bhutan
0%
Costa Rica
0%
Djibouti
0%
Dominikaaninen tasavalta
0%
Eritrea
0%
Fidži
0%
Gabon
0%
Guatemala
0%
Intia
0%
Irlanti
0%
Itä-Timor
0%
Itävalta
0%
Kamerun
0%
Kongon tasavalta
0%
Kuwait
0%
Liberia
0%
Marshallinsaaret
0%
Mauritania
0%
Mauritius
0%
Meksiko
0%
Mongolia
0%
Portugali
0%
Puola
0%
Saint Vincent ja Grenadiinit
0%
Serbia
0%
Sveitsi
0%
Tsekki
0%
Unkari
0%
Valko-Venäjä
0%
Ehtoja vastaavia visoja ei löytynyt
Tulosjakauma
Jokaisen tuloksen saaneiden osuus
Persentiili vastausten määrän mukaan
Tuloshistoriasi
Et ole pelannut tätä visaa sen viimeisimmän päivityksen jälkeen